Interpretation of Statutes (Record no. 19967)

MARC details
000 -LEADER
fixed length control field 00285nam a22001217a 4500
008 - FIXED-LENGTH DATA ELEMENTS--GENERAL INFORMATION
fixed length control field 230502b |||||||| |||| 00| 0 eng d
100 ## - MAIN ENTRY--AUTHOR NAME
Personal name D. N. Mathur
245 ## - TITLE STATEMENT
Title Interpretation of Statutes
260 ## - PUBLICATION, DISTRIBUTION, ETC. (IMPRINT)
Place of publication Allahabad
Name of publisher CLP
Year of publication 2008
300 ## - PHYSICAL DESCRIPTION
Number of Pages 376
546 ## - LANGUAGE NOTE
Language note English
942 ## - ADDED ENTRY ELEMENTS (KOHA)
Source of classification or shelving scheme Dewey Decimal Classification
Koha item type Books
Holdings
Accession Number Cost, normal purchase price Source of acquisition Price effective from Koha item type Withdrawn / writtenoff status Damaged status Not for loan Permanent Location Current Location Shelving location Date acquired Lost/ Missing status department
LLB 464 200.00 Donated By Mr. Karan Pandoh Assistant Prof. MIET SOL 05/02/2023 Books       MIET Library, Jammu MIET Library, Jammu 185/4 04/24/2023   BBA LLB